000
00431nam a2200145Ia 4500
008
090124s9999 xx 000 0 und d
082
_b
32384
245
_a
सत्यकथा 1975
250
_a
0
260
_b
भागवत विष्णू पुरुषोत्तम
630
_a
सत्यकथा 1975
700
_a
पटवर्धन राम
730
_a
सत्यकथा 1975
942
_c
BOOK
999
_c
98459
_d
98459